000 00729nam a2200229 i 4500
001 108748
003 ES-MaACL
005 20230906184713.0
007 t|
008 061121s1929 fr r ||||1| spa d
080 _a986.6"1830/95"
100 1 _aMontalvo, Juan.
_982350
245 1 4 _aLas catilinarias /
_cJuan Montalvo ; prólogo de Miguel de Unamuno.
260 _aParís :
_bGarnier Hermanos,
_c1929.
300 _a2 v. ;
_c21 cm.
490 1 _aBiblioteca de grandes autores americanos
651 4 _aEcuador-
_xHistoria-
_y1830-1895.
_9172379
700 1 _aUnamuno, Miguel de,
_d1864-1936
_9111982
830 1 _aBiblioteca de grandes autores americanos
_9185568
852 _aES-MaACL
_jA-805-06
999 _c108748
_d108748